000 00389 a2200145 4500
005 20250610084703.0
020 _a0-314-04452-3
082 _aLECT 658.4 DAF
100 _aDAFT, R. L.
245 _aOrganization Theory and Design.
250 _a5th Ed.
260 _aNew York,
_bWest,
_c1995.
300 _axxv, 611p.: ill.; chart, picture, table
_bGlossary & Index
_c26cm.
942 _2ddc
_cBKS
999 _c3576
_d3576